Law no. 1 of the year 1967 concerning foreign capital investment, (Record no. 88898)

MARC details
000 -LEADER
fixed length control field 00811cam a2200241 4500
001 - CONTROL NUMBER
control field sa 68019466
003 - CONTROL NUMBER IDENTIFIER
control field DLC
005 - DATE AND TIME OF LATEST TRANSACTION
control field 20260227112717.0
008 - FIXED-LENGTH DATA ELEMENTS--GENERAL INFORMATION
fixed length control field 711229s1967 io 000 0 eng
010 ## - LIBRARY OF CONGRESS CONTROL NUMBER
LC control number sa 68019466
025 ## - OVERSEAS ACQUISITION NUMBER
Overseas acquisition number PL480:Indo-6686
040 ## - CATALOGING SOURCE
Original cataloging agency DLC
Transcribing agency DLC
Modifying agency DLC
041 1# - LANGUAGE CODE
Language code of text/sound track or separate title eng
Language code of original ind
043 ## - GEOGRAPHIC AREA CODE
Geographic area code a-io---
050 00 - LIBRARY OF CONGRESS CALL NUMBER
Classification number LAW
110 10 - MAIN ENTRY--CORPORATE NAME
Corporate name or jurisdiction name as entry element Indonesia.
Form subheading Laws, statutes, etc.
240 10 - UNIFORM TITLE
Uniform title Undang-undang no. 1 tahun 1967. English
245 10 - TITLE STATEMENT
Title Law no. 1 of the year 1967 concerning foreign capital investment,
Remainder of title and related decisions and instructions of the Ampera Cabinet.
260 0# - PUBLICATION, DISTRIBUTION, ETC.
Place of publication, distribution, etc. [Djakarta]
Name of publisher, distributor, etc. Dept. of Information, Republic of Indonesia
Date of publication, distribution, etc. [1967]
300 ## - PHYSICAL DESCRIPTION
Extent 50 p.
Dimensions 18 cm.
500 ## - GENERAL NOTE
General note "Special issue, 014/1967."
650 #0 - SUBJECT ADDED ENTRY--TOPICAL TERM
Topical term or geographic name entry element Investments, Foreign
General subdivision Law and legislation
Geographic subdivision Indonesia.

No items available.

Powered by Koha